Southville International School and Colleges
Your cart is empty.
  • Cart
  • Lists
    Public lists Eva Luna New books Lux_list list_1
    Your lists Log in to create your own lists
  • Log in to your account
  • Your cookies
  • Search history
Southville International School and Colleges
  • Advanced search
  • Recent comments
  • Most popular
  • Libraries

Log in to your account

Log in with GOOGLE


If you do not have an external account, but do have a local account, you can still log in:

  1. Home
  2. MARC view: Inspired 3d advanced rigging and deformations /
Normal view MARC view ISBD view

Inspired 3d advanced rigging and deformations / (Record no. 21593)

[ view plain ]
MARC details
000 -LEADER
fixed length control field 00640nam a2200229 a 4500
005 - DATE AND TIME OF LATEST TRANSACTION
control field 20140310183332.0
008 - FIXED-LENGTH DATA ELEMENTS--GENERAL INFORMATION
fixed length control field 060822s19uu xx 00 eng d
020 ## - INTERNATIONAL STANDARD BOOK NUMBER
International Standard Book Number 1592001165
050 ## - LIBRARY OF CONGRESS CALL NUMBER
Classification number TR 897.7
Item number .C592 2005
100 ## - MAIN ENTRY--PERSONAL NAME
Personal name Clark, Brad
245 ## - TITLE STATEMENT
Title Inspired 3d advanced rigging and deformations /
Statement of responsibility, etc Brad Clark.
260 ## - PUBLICATION, DISTRIBUTION, ETC. (IMPRINT)
Place of publication, distribution, etc Boston, MA :
Name of publisher, distributor, etc Thomson Course Technology,
Date of publication, distribution, etc 2005.
300 ## - PHYSICAL DESCRIPTION
Extent 318 p. :
Other physical details col. ill. ;
Dimensions 19 cm.
521 ## - TARGET AUDIENCE NOTE
Target audience note
650 ## - SUBJECT ADDED ENTRY--TOPICAL TERM
Topical term or geographic name as entry element 3d studio.
650 ## - SUBJECT ADDED ENTRY--TOPICAL TERM
Topical term or geographic name as entry element Computer animation.
650 ## - SUBJECT ADDED ENTRY--TOPICAL TERM
Topical term or geographic name as entry element Computer graphics.
700 ## - ADDED ENTRY--PERSONAL NAME
Personal name Hood, John
700 ## - ADDED ENTRY--PERSONAL NAME
Personal name Harkins, Joe
942 ## - ADDED ENTRY ELEMENTS (KOHA)
Koha item type Books
Source of classification or shelving scheme Library of Congress Classification
Call number prefix Foreign
Holdings
Withdrawn status Lost status Source of classification or shelving scheme Damaged status Home library Current library Shelving location Date acquired Total Checkouts Full call number Barcode Date last seen Copy number Price effective from Koha item type
    Library of Congress Classification   College Library College Library General Circulation Section 08/22/2006   TR 897.7 .C592 2005 C7550 05/15/2018 1 03/10/2014 Books

Inspired 3d advanced rigging and deformations /

APA

Clark B., Hood J. & Harkins J. (2005). Inspired 3d advanced rigging and deformations. Boston, MA: Thomson Course Technology.

Chicago

Clark Brad, Hood John and Harkins Joe. 2005. Inspired 3d advanced rigging and deformations. Boston, MA: Thomson Course Technology.

Harvard

Clark B., Hood J. and Harkins J. (2005). Inspired 3d advanced rigging and deformations. Boston, MA: Thomson Course Technology.

MLA

Clark Brad, Hood John and Harkins Joe. Inspired 3d advanced rigging and deformations. Boston, MA: Thomson Course Technology. 2005.

  • Place hold
  • Print
  • Cite
  • Add to your cart (remove)
  • Save record
    BIBTEX Dublin Core MARCXML MARC (non-Unicode/MARC-8) MARC (Unicode/UTF-8) MARC (Unicode/UTF-8, Standard) MODS (XML) RIS
  • More searches
    Search for this title in:
    Other Libraries (WorldCat) Other Databases (Google Scholar) Online Stores (Bookfinder.com) Open Library (openlibrary.org)

Exporting to Dublin Core...

SOUTHVILLE LIBRARY

Southville International School and Colleges Library

1281 Tropical Ave. Cor. Luxembourg St., BF Homes International, Las Pinas City

Tel. No. 8256374 / 252358 Loc. 117/146

Powered by Koha